Emulsiones y filtros / (Record no. 116841)

MARC details
000 -LEADER
campo de control de longitud fija 00517nam a2200193 4500
001 - NÚMERO DE CONTROL
campo de control 116841
003 - IDENTIFICADOR DE NÚMERO DE CONTROL
campo de control ES-MaACL
005 - FECHA Y HORA DE LA ÚLTIMA TRANSACCIÓN
campo de control 20230906190758.0
007 - CAMPO FIJO DE DESCRIPCIÓN FÍSICA--INFORMACIÓN GENERAL
campo de control de longitud fija t|
008 - DATOS DE LONGITUD FIJA--INFORMACIÓN GENERAL
campo de control de longitud fija 061121m19001990sp r ||||1| spa d
100 1# - ENTRADA PRINCIPAL--NOMBRE DE PERSONA
Nombre de persona Penche, M.
9 (RLIN) 90153
245 10 - MENCIÓN DEL TÍTULO
Título Emulsiones y filtros /
Mención de responsabilidad, etc. por M. Penche.
260 ## - PUBLICACIÓN, DISTRIBUCIÓN, ETC.
Lugar de publicación, distribución, etc. Madrid :
Nombre del editor, distribuidor, etc. Biblis,
Fecha de publicación, distribución, etc. [19__?]
300 ## - DESCRIPCIÓN FÍSICA
Extensión 71 p., 4 lám. :
Otras características físicas il. ;
Dimensiones 17 cm.
490 1# - MENCIÓN DE SERIE
Mención de serie Foto-Norma
830 0# - PUNTO DE ACCESO ADICIONAL DE SERIE-TÍTULO UNIFORME
Título uniforme Foto-Norma
9 (RLIN) 233328
852 ## - LOCALIZACIÓN
Ubicación ES-MaACL
Número de control de estantería 1486-F-2
Sublocalización o colección R.26344
Holdings
Estatus retirado Estado de pérdida Estado de daño No para préstamo Colección Biblioteca de origen Biblioteca actual Ubicación en estantería Fecha de adquisición Fuente de adquisición Total de préstamos Signatura topográfica completa Código de barras Visto por última vez Precio de reemplazo Tipo de ítem Koha
        Colección de folletos Biblioteca del Ateneo de Madrid Biblioteca del Ateneo de Madrid Depósito folletos 17/01/2008     1486-F-2 1121828 23/02/2023 23/02/2023 Folleto